01267nam a22001697a 4500008004100000020002900041050001900070100001800089245010100107260004300208300003200251500002000283505072000303650003001023650001701053650002701070120720t xxu||||| |||| 00| 0 eng d a0471130893 9780471130895 aQA76.9.C55 P97 aPurba, Sanjiv aUsing SQL windows and centura: techniques for building client/server solutions. /cSanjiv Purba aNew York:bComputer Publishing,c1996. axxii, 458 p.:bill.;c24cm. aIncludes index. aContents: Intrduction to SQL windows: Overview of client/sever architecture -- SQL windows architecture -- Rapid prototyping -- Developing codeless applications -- Using SQL base with SQL windows -- Customization: Application tools: Outline, tool palette, and options bar -- SQL windows application language (SAL) -- Functions-presentation -- Functions-non-presentation -- File processing -- Product integration and objects: Quest, report generation, and data retrieval -- Connectivity issues: Databases and other products -- Microsoft SQL server architecture -- Quick objects -- Centura: 32-bit processing: Centura team developer -- Building applications -- Developing centura applications using SAL -- Appendix A. aClient/server computing.  aSQLWindows.  aDistributed databases